[Event "13. Golden Prague Open"]
[Site "Praha"]
[Date "2017.07.07"]
[Round "7.6"]
[White "Janacek, Jaroslav"]
[Black "Volf, Michal"]
[Result "1-0"]
[WhiteElo "2012"]
[BlackElo "1867"]
[Annotator ""]
[Source ""]
[Remark ""]

1.e4 e6 2.d4 d5 3.Nc3 Bb4 4.exd5 exd5 5.Bd3 Ne7 6.Qh5 Nbc6 7.a3
Bxc3+ 8.bxc3 Be6 9.Rb1 Qc8 10.h3 Bf5 11.Ne2 O-O 12.Ng3 Qe6+ 13.Ne2
b6 14.O-O Qg6 15.Qxg6 Bxg6 16.Bf4 Bxd3 17.cxd3 Rac8 18.Rfe1 Ng6
19.Rb5 Nce7 20.a4 c6 21.Rbb1 Nxf4 22.Nxf4 Rfe8 23.Kf1 Nf5 24.g4
Nd6 25.Re3 Rxe3 26.fxe3 Re8 27.Ke2 g6 28.Kf3 f6 29.h4 Kf7 30.h5
g5 31.Ne2 f5 32.gxf5 Nxf5 33.e4 Nh4+ 34.Kg4 dxe4 35.Rf1+ Kg7
36.Kxg5 Nf3+ 37.Kf4 exd3 38.Ng3 d2 39.Nf5+ Kh8 40.Rd1 Re1 41.Ne3
Rxd1 42.Nxd1 Ne1 43.Ke3 Kg7 44.Kxd2 Ng2 45.Ne3 Nh4 46.Ng4 Nf5
47.Kd3 Ne7 48.c4 a6 49.Ke4 b5 50.axb5 axb5 51.cxb5 cxb5 52.d5
Ng8 53.d6 Kf7 54.Kd5 b4 55.Ne5+ Ke8 56.Ke6 1-0

[Event "13. Golden Prague Open"]
[Site "Praha"]
[Date "2017.07.07"]
[Round "7.7"]
[White "Konvalinka, Vladislav"]
[Black "Martirosyan, Ara"]
[Result "1/2-1/2"]
[WhiteElo "1761"]
[BlackElo "1878"]
[Annotator ""]
[Source ""]
[Remark ""]

1.d4 Nf6 2.c4 g6 3.Nc3 d5 4.cxd5 Nxd5 5.Bd2 Bg7 6.e4 Nxc3 7.Bxc3
O-O 8.h3 c5 9.Ne2 cxd4 10.Bxd4 Qa5+ 11.Bc3 Bxc3+ 12.Nxc3 Nc6
13.Bb5 Rd8 14.Qa4 Qxa4 15.Bxa4 Nb4 16.O-O Be6 17.a3 Nd3 18.b4
Rac8 19.Nd1 Bc4 20.Ne3 Nb2 21.Rfc1 b5 22.Nxc4 bxc4 23.Bb5 c3
24.Kf1 Rd4 25.f3 Rd2 26.Be2 Na4 27.Bb5 Nb2 28.Be2 c2 29.Ke1 Rcd8
30.a4 R8d4 31.b5 Nxa4 32.Rxa4 Rxe2+ 33.Kxe2 Rxa4 34.Rxc2 Rb4
35.Ra2 Rxb5 36.Rxa7 Rb2+ 37.Kf1 Kf8 38.Kg1 h5 39.h4 1/2-1/2

[Event "13. Golden Prague Open"]
[Site "Praha"]
[Date "2017.07.07"]
[Round "7.8"]
[White "Sura, Jaroslav"]
[Black "Plasek, Zdenek"]
[Result "0-1"]
[WhiteElo "2059"]
[BlackElo "2002"]
[Annotator ""]
[Source ""]
[Remark ""]

1.d4 d5 2.c4 e6 3.Nc3 a6 4.cxd5 exd5 5.g3 c6 6.Bg2 Nf6 7.Nf3
Bd6 8.O-O O-O 9.Qc2 Re8 10.Nh4 Nbd7 11.f3 c5 12.Nf5 Bf8 13.Rd1
Nb6 14.Kh1 c4 15.a4 Be6 16.Nh4 h6 17.a5 Nc8 18.f4 Ne7 19.f5 Bd7
20.Bf4 Bc6 21.Bf3 Nc8 22.Rg1 Nd6 23.e3 Nfe4 24.Bxd6 Nxd6 25.Bxd5
Rxe3 26.Bxc6 bxc6 27.Qf2 Rd3 28.Nf3 Nb5 29.Ne5 Rxd4 30.Nxc6 Rd2
31.Qf3 Nd4 32.Nxd4 Rxd4 33.Rgd1 Rb8 34.Na4 Rxd1+ 35.Rxd1 Qxa5
36.Ra1 Rxb2 37.Qc6 Rb4 38.Ra2 Qb5 39.Qxb5 axb5 40.Nc3 Rb3 41.Ne4
Re3 42.Nf2 b4 43.Ng4 Re1+ 44.Kg2 b3 0-1

[Event "13. Golden Prague Open"]
[Site "Praha"]
[Date "2017.07.07"]
[Round "7.9"]
[White "Fiser, Jiri"]
[Black "Pokorny, Jan"]
[Result "1/2-1/2"]
[WhiteElo "1922"]
[BlackElo "1835"]
[Annotator ""]
[Source ""]
[Remark ""]

1.e4 c5 2.Nf3 g6 3.c3 Bg7 4.d4 cxd4 5.cxd4 d6 6.Nc3 Nf6 7.h3
O-O 8.Bd3 a6 9.O-O Nc6 10.Be3 e5 11.d5 Nb4 12.Bb1 a5 13.a3 Na6
14.Bc2 Bd7 15.Qe2 Nh5 16.Rfc1 Nf4 17.Qf1 f5 18.Kh2 h6 19.Nb5
fxe4 20.Nd2 Nd3 21.Bxd3 exd3 22.Qxd3 Bf5 1/2-1/2

[Event "13. Golden Prague Open"]
[Site "Praha"]
[Date "2017.07.07"]
[Round "7.10"]
[White "Drahorad, Daniel"]
[Black "Nemecek, Lukas"]
[Result "1/2-1/2"]
[WhiteElo "1995"]
[BlackElo "1714"]
[Annotator ""]
[Source ""]
[Remark ""]

1.e4 c5 2.Nc3 Nc6 3.Bb5 g6 4.Bxc6 bxc6 5.f4 Bg7 6.Nf3 d6 7.O-O
Nf6 8.d3 O-O 9.Qe1 Rb8 10.b3 Nd7 11.Bb2 Ba6 12.Na4 Nf6 13.c4
Bc8 14.Kh1 Nh5 15.Bxg7 Nxg7 16.Qh4 f6 17.Rae1 Qd7 18.h3 Rb7 19.Kh2
Qd8 20.Rg1 e5 21.fxe5 fxe5 22.Qxd8 Rxd8 23.Rgf1 Ne6 24.g3 1/2-1/2

[Event "13. Golden Prague Open"]
[Site "Praha"]
[Date "2017.07.07"]
[Round "7.11"]
[White "Frost, Peter"]
[Black "Rosenbaumova, Lea"]
[Result "1/2-1/2"]
[WhiteElo "1934"]
[BlackElo "1570"]
[Annotator ""]
[Source ""]
[Remark ""]

1.e4 e6 2.d4 d5 3.Nc3 Nf6 4.Bg5 dxe4 5.Nxe4 Be7 6.Bxf6 gxf6 7.Be2
b6 8.Bf3 c6 9.Ne2 Bb7 10.O-O Nd7 11.N2g3 Qc7 12.Re1 O-O-O 13.a4
c5 14.c3 Ne5 15.Be2 Nc6 16.Rc1 f5 17.Nd2 cxd4 18.cxd4 Rxd4 19.Qc2
Bg5 20.Nf3 Bxc1 21.Rxc1 Rd6 22.b4 Rd5 23.Qb2 Rg8 24.b5 Rc5 25.Rxc5
bxc5 26.bxc6 Bxc6 27.Ba6+ Kd8 28.Qf6+ Qe7 29.Qe5 Qc7 30.Qf6+
Qe7 31.Qe5 Qc7 32.Qf6+ Qe7 1/2-1/2

[Event "13. Golden Prague Open"]
[Site "Praha"]
[Date "2017.07.07"]
[Round "7.12"]
[White "Kronowetter, Borivoj"]
[Black "Stojkovic, Andreja"]
[Result "0-1"]
[WhiteElo "1715"]
[BlackElo "1933"]
[Annotator ""]
[Source ""]
[Remark ""]

1.e4 c5 2.Nf3 a6 3.d4 cxd4 4.Nxd4 Nc6 5.Nc3 e6 6.Be3 Nf6 7.Be2
Bb4 8.Nxc6 bxc6 9.O-O d5 10.f3 O-O 11.exd5 exd5 12.a3 Bd6 13.b4
Qc7 14.f4 Re8 15.Qd2 a5 16.b5 c5 17.Nxd5 Nxd5 18.Qxd5 Bb7 19.Qd2
Rad8 20.Bf3 Be5 21.Qf2 Bxa1 22.Rxa1 Bxf3 23.Qxf3 a4 24.Rb1 Rb8
25.Qf2 Qa5 26.c4 Re4 27.Rc1 Rbe8 28.Bd2 Qd8 29.Rc2 Re2 0-1

[Event "13. Golden Prague Open"]
[Site "Praha"]
[Date "2017.07.07"]
[Round "7.13"]
[White "Bartos, Vaclav"]
[Black "Forman, Miroslav"]
[Result "1/2-1/2"]
[WhiteElo "1433"]
[BlackElo "1832"]
[Annotator ""]
[Source ""]
[Remark ""]

1.d4 Nc6 2.e4 e5 3.c3 Nf6 4.Bg5 h6 5.Bxf6 Qxf6 6.Nf3 exd4 7.cxd4
Bb4+ 8.Nc3 O-O 9.Be2 d6 10.O-O Bxc3 11.bxc3 Re8 12.Qc2 Bg4 13.h3
Bd7 14.Rab1 Rab8 15.d5 Nd8 16.Nd4 a6 17.Bxa6 Qg6 18.Kh2 Qxe4
19.Qxe4 Rxe4 20.Bd3 Re5 21.c4 Ra8 22.f4 Re3 23.Rb3 Kf8 24.Bf5
Rxb3 25.axb3 Be8 26.g4 Ra3 27.Rf3 b6 28.Kg3 Nb7 29.Nc2 Ra8 30.b4
g6 31.Be4 Ke7 32.f5 g5 33.f6+ Kd8 34.h4 b5 35.cxb5 Bxb5 36.hxg5
hxg5 37.Rf5 Kd7 38.Rxg5 c6 39.dxc6+ Bxc6 40.Bxc6+ Kxc6 41.Nd4+
Kd7 42.Rg7 Nd8 43.g5 Ke8 44.Nb5 Kd7 45.g6 Kc6 46.Nd4+ Kd5 47.gxf7
Nxf7 48.Rxf7 Kxd4 49.Re7 Rf8 50.f7 Kc4 51.Kg4 Kxb4 52.Kg5 d5
53.Kg6 d4 54.Kg7 Rxf7+ 55.Kxf7 d3 1/2-1/2

[Event "13. Golden Prague Open"]
[Site "Praha"]
[Date "2017.07.07"]
[Round "7.14"]
[White "Husa, Daniel"]
[Black "Novotny, Josef"]
[Result "1/2-1/2"]
[WhiteElo "1660"]
[BlackElo "1738"]
[Annotator ""]
[Source ""]
[Remark ""]

1.Nf3 Nf6 2.g3 e6 3.Bg2 Be7 4.O-O O-O 5.d4 c5 6.c3 d5 7.Ne5 Nc6
8.Nxc6 bxc6 9.dxc5 Bxc5 10.c4 Ba6 11.cxd5 cxd5 12.Nc3 Rc8 13.Qa4
Bb7 14.Bd2 Bc6 15.Qb3 d4 16.Bxc6 dxc3 17.Bb7 cxd2 18.Bxc8 Qxc8
19.Rad1 Rd8 20.Qf3 1/2-1/2

[Event "13. Golden Prague Open"]
[Site "Praha"]
[Date "2017.07.07"]
[Round "7.15"]
[White "Cabart, Pavel"]
[Black "Mach, Petr"]
[Result "1-0"]
[WhiteElo "1725"]
[BlackElo "1669"]
[Annotator ""]
[Source ""]
[Remark ""]

1.e4 e5 2.Nf3 Nf6 3.Nxe5 d6 4.Nf3 Nxe4 5.Nc3 Nxc3 6.dxc3 Nc6
7.Bf4 Bg4 8.h3 Bh5 9.g4 Bg6 10.Qd2 Qd7 11.O-O-O Be7 12.Ne5 Nxe5
13.Bxe5 Qc6 14.Bxg7 Rg8 15.Bd4 O-O-O 16.Be2 Be4 17.Rh2 Qa4 18.Kb1
Rg5 19.b3 Qd7 20.f4 Rgg8 21.c4 Bh4 22.Bf2 Bxf2 23.Rxf2 Qe7 24.Bf3
Bxf3 25.Rxf3 Rge8 26.Qd4 Qe2 27.Rfd3 b6 28.Qd5 Qe4 29.Qxf7 Rf8
30.Qg7 h5 31.gxh5 Qxf4 32.Qg2 Rg8 33.Qa8+ Kd7 34.Qxa7 Qh4 35.Qa4+
Kc8 36.Qc6 Qxh5 37.a4 Rgf8 38.Rxd6 Qxd1+ 39.Rxd1 Rxd1+ 40.Kb2
Rf2 41.c5 bxc5 42.Qxc5 Rh2 43.Qf5+ Kb8 44.Qf8+ Ka7 45.Qf4 Rxh3
46.Qxc7+ Ka8 47.Qc8+ 1-0

[Event "13. Golden Prague Open"]
[Site "Praha"]
[Date "2017.07.07"]
[Round "7.16"]
[White "Krobot, Jan"]
[Black "Kuhnmund, Ivan"]
[Result "1/2-1/2"]
[WhiteElo "1705"]
[BlackElo "1716"]
[Annotator ""]
[Source ""]
[Remark ""]

1.d4 Nf6 2.Bf4 d6 3.Nc3 c6 4.e4 g6 5.Be2 Qa5 6.Bd2 Qc7 7.f4 Bg7
8.Nf3 O-O 9.e5 Nd5 10.Nxd5 cxd5 11.Bd3 f6 12.exf6 Bxf6 13.O-O
Nc6 14.c3 e5 15.fxe5 dxe5 16.Bh6 Rf7 17.dxe5 Nxe5 18.Be2 Ng4
19.Qd2 Bf5 20.Bf4 Qb6+ 21.Nd4 Ne5 22.Be3 Ng4 23.Nxf5 Nxe3 24.Nxe3
Re8 25.Kh1 Qxe3 26.Qxe3 Rxe3 27.Bf3 Re5 28.Rad1 Rd7 29.Rd3 Kg7
30.Rfd1 Rde7 31.Kg1 Re1+ 32.Kf2 Rxd1 33.Rxd1 d4 34.cxd4 Rc7 35.Rd2
Bg5 36.Re2 Rd7 37.d5 Bf6 38.b3 Bd4+ 39.Kg3 Bc5 40.h3 h5 41.Kf4
Bd6+ 42.Ke3 Re7+ 43.Kd4 Rxe2 44.Bxe2 Kf6 1/2-1/2

[Event "13. Golden Prague Open"]
[Site "Praha"]
[Date "2017.07.07"]
[Round "7.17"]
[White "Drahoradova, Zuzana"]
[Black "Bartosova, Hana"]
[Result "1/2-1/2"]
[WhiteElo "1711"]
[BlackElo "1577"]
[Annotator ""]
[Source ""]
[Remark ""]

1.e4 e6 2.d4 d5 3.e5 c5 4.c3 Nc6 5.Nf3 Bd7 6.Be2 cxd4 7.cxd4
Nge7 8.Nc3 Nf5 9.O-O Be7 10.a3 O-O 11.g4 Nh4 12.Nxh4 Bxh4 13.h3
f6 14.Be3 fxe5 15.dxe5 Nxe5 16.f4 Nf7 17.Qd2 g5 18.f5 exf5 19.gxf5
Bc6 20.Rad1 Qd6 21.Bf3 Qg3+ 22.Qg2 Qxg2+ 23.Bxg2 Rfe8 24.Bc1
Rad8 25.Nxd5 Kf8 26.f6 Re2 27.Bf3 Re5 28.Ne3 Bxf3 29.Rxd8+ Nxd8
30.Rxf3 Ne6 31.Ng2 Be1 32.Kf1 Ba5 33.b4 Bd8 34.Bb2 Re4 35.Rd3
Ke8 36.Rf3 Kf7 1/2-1/2

[Event "13. Golden Prague Open"]
[Site "Praha"]
[Date "2017.07.07"]
[Round "7.18"]
[White "Bara, Josef"]
[Black "Nemecek, Pavel"]
[Result "1/2-1/2"]
[WhiteElo "1383"]
[BlackElo "1827"]
[Annotator ""]
[Source ""]
[Remark ""]

1.d4 Nf6 2.c4 g6 3.Nc3 Bg7 4.Nf3 d6 5.Bg5 O-O 6.e3 Nbd7 7.Be2
c5 8.d5 Qa5 9.O-O a6 10.Qb3 h6 11.Bxf6 Bxf6 12.Ne4 Bg7 13.Qc2
b5 14.cxb5 Rb8 15.a4 Nb6 16.Nc3 Bxc3 17.bxc3 Nxd5 18.c4 Nb4 19.Qe4
Re8 20.Nh4 f5 21.Qb1 Kh7 22.e4 1/2-1/2

[Event "13. Golden Prague Open"]
[Site "Praha"]
[Date "2017.07.07"]
[Round "7.19"]
[White "Day, Tobias"]
[Black "Lajsek, Tomas"]
[Result "0-1"]
[WhiteElo "1315"]
[BlackElo "1760"]
[Annotator ""]
[Source ""]
[Remark ""]

1.e4 e5 2.Nf3 Nf6 3.Bc4 Nxe4 4.Nc3 Nxc3 5.dxc3 c6 6.Nxe5 d5 7.Bd3
Be6 8.h3 Nd7 9.Nxd7 Qxd7 10.Bf4 Bd6 11.Bxd6 Qxd6 12.Qe2 O-O-O
13.O-O-O Rde8 14.Qd2 h6 15.f4 Bd7 16.Qf2 Kb8 17.c4 d4 18.g3 Re3
19.h4 Rhe8 20.Rde1 Bg4 21.c3 c5 22.Bc2 Qe6 23.Rxe3 dxe3 24.Qg2
e2 25.Re1 Qe3+ 26.Kb1 a6 27.a3 Ka8 28.Qh2 f6 29.Qg2 Qd2 30.Qg1
Be6 0-1

[Event "13. Golden Prague Open"]
[Site "Praha"]
[Date "2017.07.07"]
[Round "7.20"]
[White "Barton, Milan"]
[Black "Rezek, Filip"]
[Result "1-0"]
[WhiteElo "1823"]
[BlackElo "1435"]
[Annotator ""]
[Source ""]
[Remark ""]

1.e4 c6 2.d4 d5 3.exd5 cxd5 4.Nf3 Bf5 5.c3 e6 6.Bb5+ Nc6 7.Qa4
Nge7 8.Ne5 Qc8 9.Bf4 a6 10.Bd3 b5 11.Qd1 Bxd3 12.Nxd3 Ng6 13.Bg3
Qd7 14.Nd2 Bd6 15.f4 Qc7 16.O-O f5 17.Ne5 Bxe5 18.fxe5 Na5 19.Nb3
Nc4 20.Qe2 O-O 21.Nc5 Rfe8 22.b4 Nf8 23.a4 Nd7 24.axb5 Nxc5 25.bxc5
axb5 26.Rfb1 Rxa1 27.Rxa1 Qb7 28.Qa2 Kf7 29.Bh4 Kf8 30.Qa7 Qxa7
31.Rxa7 h6 32.h3 g5 33.Be1 Re7 34.Ra6 Kf7 35.Kf2 Re8 36.Kf3 Re7
37.g4 f4 38.Ra8 Re8 39.Ra6 Re7 40.Ke2 Re8 41.Bf2 Re7 42.h4 Re8
43.h5 Re7 44.Kd3 Re8 45.Kc2 Re7 46.Kb3 Nd2+ 47.Kb4 Ne4 48.Be1
f3 49.Kxb5 f2 50.Bxf2 Nxf2 51.c6 Rc7 52.Kb6 Rc8 53.Ra7+ Ke8 54.Rh7
Rb8+ 55.Kc7 Rb1 56.Kd6 Ne4+ 57.Kxe6 Kd8 58.Rxh6 Rb6 59.Kxd5 Nxc3+
60.Kc5 Na4+ 61.Kd6 Ke8 62.d5 Kf7 63.Rh7+ Kg8 64.Rb7 Ra6 65.h6
Nc3 66.Ke6 Ne4 67.Kf5 Nc5 68.Rc7 Nd3 69.Rg7+ Kh8 70.Re7 Nb4 71.Kg6
Ra8 72.Rh7+ Kg8 73.Rd7 Re8 74.c7 Nd3 75.Rd8 Nxe5+ 76.Kh5 1-0

[Event "13. Golden Prague Open"]
[Site "Praha"]
[Date "2017.07.07"]
[Round "7.21"]
[White "Rous, Dominik"]
[Black "Vitek, Jan"]
[Result "0-1"]
[WhiteElo "1148"]
[BlackElo "1745"]
[Annotator ""]
[Source ""]
[Remark ""]

1.d4 d5 2.Bf4 e6 3.e3 Bd6 4.Bg3 f5 5.Nf3 Nf6 6.c3 O-O 7.Bd3 Ne4
8.Nbd2 Qe7 9.Ne5 Nd7 10.O-O Nxg3 11.hxg3 Bxe5 12.dxe5 Nxe5 13.Bc2
Ng4 14.f3 Nxe3 15.Qc1 Nxf1 16.Qxf1 Qc5+ 0-1

[Event "13. Golden Prague Open"]
[Site "Praha"]
[Date "2017.07.07"]
[Round "7.22"]
[White "Nemecek, ml. Pavel"]
[Black "Veselsky, Jan"]
[Result "0-1"]
[WhiteElo "1493"]
[BlackElo "1706"]
[Annotator ""]
[Source ""]
[Remark ""]

1.e4 c6 2.d4 d5 3.Nc3 dxe4 4.Nxe4 Bf5 5.Ng3 Bg6 6.Bc4 e6 7.Nf3
Nd7 8.Bf4 Ngf6 9.O-O Nd5 10.Bxd5 cxd5 11.Re1 Be7 12.Rc1 O-O 13.c4
Nb6 14.c5 Nc4 15.b4 Nb2 16.Qd2 Nd3 17.a4 Rc8 18.Ne5 Nxf4 19.Qxf4
Bg5 20.Qg4 Bxc1 21.Nxg6 hxg6 22.Rxc1 a6 23.h4 Qf6 24.b5 axb5
25.axb5 Ra8 26.h5 Ra2 27.f3 Rd2 28.c6 bxc6 29.Rxc6 Rxd4 30.Qh3
Rh4 31.Qxh4 Qxh4 32.b6 Qxg3 33.hxg6 Qxg6 34.b7 Qb1+ 0-1

[Event "13. Golden Prague Open"]
[Site "Praha"]
[Date "2017.07.07"]
[Round "7.23"]
[White "Martirosyan, Artyom"]
[Black "Scipione, Andrea"]
[Result "1-0"]
[WhiteElo "1563"]
[BlackElo "1312"]
[Annotator ""]
[Source ""]
[Remark ""]

1.e4 c5 2.Nf3 d6 3.Nc3 a6 4.d4 cxd4 5.Nxd4 Nf6 6.Bc4 e6 7.Bg5
Be7 8.O-O Nbd7 9.Bb3 b5 10.Nc6 Qb6 11.Nxe7 Kxe7 12.Qd3 Rd8 13.Kh1
Bb7 14.Rae1 Rac8 15.f4 Kf8 16.Qh3 b4 17.Na4 Qd4 18.f5 e5 19.c3
bxc3 20.bxc3 Qa7 21.Qd3 Nc5 22.Qe3 Ng4 23.Qf3 Nxe4 24.Rxe4 Bxe4
25.Qxg4 f6 26.Qxe4 fxg5 27.f6 g6 28.Qd5 Rc7 1-0

[Event "13. Golden Prague Open"]
[Site "Praha"]
[Date "2017.07.07"]
[Round "7.24"]
[White "Plate, Marion Helga"]
[Black "Zednik, Petr"]
[Result "1-0"]
[WhiteElo "1564"]
[BlackElo "1533"]
[Annotator ""]
[Source ""]
[Remark ""]

1.d4 d5 2.Bf4 Nf6 3.e3 b6 4.Nf3 Bb7 5.Nbd2 e6 6.Bd3 Be7 7.h3
O-O 8.O-O Nbd7 9.c3 c5 10.Re1 a5 11.Qe2 c4 12.Bc2 b5 13.e4 dxe4
14.Nxe4 Nxe4 15.Bxe4 Bxe4 16.Qxe4 Nf6 17.Qc2 Nd5 18.Bd2 Re8 19.b3
cxb3 20.axb3 Qc7 21.Qd3 Rab8 22.Rec1 Qb6 23.Ne5 Rb7 24.Qe4 Bf8
25.c4 bxc4 26.bxc4 Nb4 27.c5 Qc7 28.Rxa5 1-0

[Event "13. Golden Prague Open"]
[Site "Praha"]
[Date "2017.07.07"]
[Round "7.25"]
[White "Zubek, Rudolf"]
[Black "Vavrova, Jirina"]
[Result "1/2-1/2"]
[WhiteElo "1349"]
[BlackElo "1095"]
[Annotator ""]
[Source ""]
[Remark ""]

1.e4 e5 2.Nf3 Nc6 3.Be2 Nb4 4.Nxe5 Qe7 5.d4 d6 6.Nf3 Qxe4 7.O-O
d5 8.Re1 Nxc2 9.Bb5+ Bd7 10.Rxe4+ Be7 11.Bxd7+ Kxd7 12.Rxe7+
Nxe7 13.Qxc2 Rae8 14.Ne5+ Kc8 15.Nxf7 Nc6 16.Be3 1/2-1/2

[Event "13. Golden Prague Open"]
[Site "Praha"]
[Date "2017.07.08"]
[Round "8.1"]
[White "Maly, Filip"]
[Black "Haba, Zdenek"]
[Result "0-1"]
[WhiteElo "1915"]
[BlackElo "2177"]
[Annotator ""]
[Source ""]
[Remark ""]

1.e4 c5 2.Nf3 e6 3.d4 cxd4 4.Nxd4 a6 5.Nc3 Qc7 6.Bd3 Nf6 7.O-O
Be7 8.Re1 d6 9.a4 O-O 10.Kh1 Nc6 11.Nxc6 bxc6 12.e5 dxe5 13.Qf3
Bb7 14.Qg3 Rfd8 15.Qxe5 Qxe5 16.Rxe5 c5 17.Re2 Rd7 18.Bf4 c4
19.Be4 Nxe4 20.Nxe4 Rd4 21.f3 Rad8 22.Rae1 f6 23.Be3 Rd1 24.Kg1
Rxe1+ 25.Rxe1 Bxe4 26.fxe4 Rb8 27.Bd4 e5 28.Bc3 Bb4 29.Rd1 Bxc3
30.bxc3 Rb2 31.Rd6 Rxc2 32.Rxa6 Rxc3 33.Ra7 Re3 34.a5 Rxe4 35.Kf2
c3 36.a6 Rc4 37.Ra8+ Kf7 38.a7 Ra4 39.Ke3 Ra2 40.Kd3 c2 41.Kd2
Kg6 0-1

[Event "13. Golden Prague Open"]
[Site "Praha"]
[Date "2017.07.08"]
[Round "8.2"]
[White "Anaskin, Arsenij"]
[Black "Krivanek, Vladimir"]
[Result "1-0"]
[WhiteElo "2216"]
[BlackElo "2095"]
[Annotator ""]
[Source ""]
[Remark ""]

1.e4 e6 2.d4 d5 3.Nd2 c5 4.exd5 exd5 5.Ngf3 Nc6 6.c3 cxd4 7.Nxd4
Nxd4 8.cxd4 Nf6 9.Be2 Bd6 10.O-O O-O 11.Nf3 Bf5 12.Bg5 h6 13.Bh4
Re8 14.Rc1 Bf4 15.Rc3 g5 16.Bg3 Ne4 17.Rb3 Nxg3 18.hxg3 Bc7 19.Ne5
f6 20.Ng4 Kg7 21.Ne3 Bd7 22.Bh5 Re4 23.f3 Rxe3 24.Rxe3 Bxg3 25.Qe2
Bd6 26.g4 Qf8 27.Re1 Rd8 28.Qd3 f5 29.gxf5 Qxf5 30.Qxf5 Bxf5
31.Re8 Rd7 32.Rc8 Be7 33.Be8 1-0

[Event "13. Golden Prague Open"]
[Site "Praha"]
[Date "2017.07.08"]
[Round "8.3"]
[White "Rosenbaum, Vit"]
[Black "Janacek, Jaroslav"]
[Result "1/2-1/2"]
[WhiteElo "2124"]
[BlackElo "2012"]
[Annotator ""]
[Source ""]
[Remark ""]

1.d4 d6 2.c4 e5 3.Nf3 e4 4.Nfd2 f5 5.e3 c6 6.Nc3 g6 7.f3 d5 8.Qb3
Nf6 9.fxe4 dxe4 10.c5 Na6 11.Bxa6 bxa6 12.O-O Qc7 13.Nc4 Be6
14.Nd6+ Kd7 15.Qa4 Bxd6 16.cxd6 Qxd6 17.b3 Rhb8 18.Ba3 Qc7 19.d5
Bxd5 20.Nxd5 Nxd5 21.Rfd1 Rb5 22.Rac1 Qb6 23.Qc4 Qxe3+ 24.Kh1
Qb6 25.Bc5 Rxc5 26.Qxc5 Qxc5 27.Rxc5 Re8 28.Kg1 e3 29.Re1 Kd6
30.Rc4 f4 31.Rec1 Rc8 32.h4 h6 33.Kf1 g5 34.hxg5 hxg5 35.Ke2
g4 36.Rf1 Rf8 37.a3 Rf6 38.Kd3 f3 39.gxf3 gxf3 40.Re4 e2 41.Rf2
Nf4+ 42.Kd2 Ng2 43.Rexe2 fxe2 44.Rxg2 Rf3 45.Kxe2 Rxb3 46.Rg7
Rxa3 47.Rxa7 Kd5 48.Kd2 Kc4 49.Kc2 c5 50.Kb2 Rb3+ 51.Kc2 Rb6
52.Rh7 a5 53.Rh4+ Kb5 54.Kb3 Rg6 55.Rh3 Rg4 56.Ka3 Rb4 57.Rh8
a4 58.Rb8+ Kc4 59.Rh8 Rb1 60.Rh4+ Kb5 61.Rh8 Rb3+ 62.Ka2 Kb4
63.Rb8+ Kc3 64.Ra8 Rb4 65.Ka3 Rb1 66.Ka2 Rb2+ 67.Ka3 Rb4 68.Ra7
c4 69.Rh7 Rb3+ 70.Ka2 a3 71.Rh3+ Kb4 72.Rh8 Rb2+ 73.Ka1 Kb3 74.Rh3+
c3 75.Rxc3+ 1/2-1/2

[Event "13. Golden Prague Open"]
[Site "Praha"]
[Date "2017.07.08"]
[Round "8.4"]
[White "Hurtak, Otto"]
[Black "Novy, Filip"]
[Result "0-1"]
[WhiteElo "2050"]
[BlackElo "2148"]
[Annotator ""]
[Source ""]
[Remark ""]

1.d4 Nf6 2.c4 e6 3.Nc3 c5 4.d5 exd5 5.cxd5 d6 6.Nf3 g6 7.Bf4
Bg7 8.Qa4+ Bd7 9.Qb3 Qc7 10.e4 O-O 11.Nd2 Nh5 12.Be3 f5 13.exf5
Bxf5 14.Be2 Nf6 15.h3 Re8 16.O-O a6 17.a4 Ne4 18.Nc4 Nxc3 19.bxc3
Nd7 20.Ra2 Nf6 21.Rb2 Rab8 22.Qb6 Qxb6 23.Rxb6 Nxd5 24.Rxd6 Nxc3
25.Bd1 Bf8 26.Rd2 b5 27.axb5 axb5 28.Nd6 Ne4 29.Nxe4 Bxe4 30.Bg4
Bc6 31.Bxc5 Bxc5 32.Rc2 Re5 33.Rfc1 Ba3 34.Ra1 Be4 35.Re2 Bd6
36.Rae1 Rbe8 37.Bd7 R8e7 38.Bxb5 Rxb5 0-1

[Event "13. Golden Prague Open"]
[Site "Praha"]
[Date "2017.07.08"]
[Round "8.5"]
[White "Martirosyan, Ara"]
[Black "Plasek, Zdenek"]
[Result "1-0"]
[WhiteElo "1878"]
[BlackElo "2002"]
[Annotator ""]
[Source ""]
[Remark ""]

1.e4 c5 2.Nc3 a6 3.Nf3 d6 4.d4 cxd4 5.Nxd4 Nf6 6.Bg5 Nbd7 7.Qd2
e6 8.O-O-O Be7 9.Bc4 O-O 10.Bxe6 fxe6 11.Nxe6 Qa5 12.Nxf8 Nxf8
13.Bxf6 Bxf6 14.Qd5+ Qxd5 15.Nxd5 Bd8 16.Ne3 Be7 17.Nc4 Be6 18.Nxd6
Bf6 19.f4 Bg4 20.Rd2 g5 21.h3 Bd7 22.e5 Bg7 23.g3 gxf4 24.gxf4
Ne6 25.Nf5 Bc6 26.Ne7+ Kh8 27.Nxc6 bxc6 28.f5 Bh6 29.fxe6 Rd8
30.Rhh2 Kg7 31.Kd1 Bxd2 32.Rxd2 Rc8 33.Rd7+ Kg6 34.e7 Re8 35.Rd6+
Kf5 36.Rxc6 Rxe7 37.e6 a5 38.Ke2 Kf4 39.a3 Kg3 40.Rc3+ Kf4 41.Re3
h5 42.c4 a4 43.c5 Rb7 44.Rd3 Rxb2+ 45.Rd2 Rb3 46.Rd3 Rb2+ 47.Kd1
Rb1+ 48.Kc2 Re1 49.c6 Rxe6 50.c7 Rc6+ 51.Rc3 Rxc3+ 52.Kxc3 1-0

[Event "13. Golden Prague Open"]
[Site "Praha"]
[Date "2017.07.08"]
[Round "8.6"]
[White "Koper, Stefan"]
[Black "Konvalinka, Vladislav"]
[Result "1-0"]
[WhiteElo "1942"]
[BlackElo "1761"]
[Annotator ""]
[Source ""]
[Remark ""]

1.d4 d5 2.c4 c6 3.cxd5 cxd5 4.Nc3 Nf6 5.Nf3 Nc6 6.Bf4 Bf5 7.e3
e6 8.Bb5 Be7 9.Ne5 O-O 10.Bxc6 bxc6 11.Nxc6 Qd7 12.Nxe7+ Qxe7
13.O-O Qb4 14.Qd2 Rab8 15.Bxb8 Rxb8 1-0

[Event "13. Golden Prague Open"]
[Site "Praha"]
[Date "2017.07.08"]
[Round "8.7"]
[White "Pokorny, Jan"]
[Black "Steiner, Juraj"]
[Result "1/2-1/2"]
[WhiteElo "1835"]
[BlackElo "2048"]
[Annotator ""]
[Source ""]
[Remark ""]

1.c4 c5 2.Nf3 Nf6 3.g3 b6 4.Bg2 Bb7 5.O-O e6 6.Nc3 Be7 7.d4 cxd4
8.Nxd4 Bxg2 9.Kxg2 Qc7 10.Qd3 a6 11.a3 O-O 12.Bd2 d6 13.Rfc1
Nbd7 14.b3 Rac8 15.f3 Rfd8 16.e3 Qb7 17.e4 h6 18.a4 d5 19.cxd5
Nc5 20.Qb1 exd5 21.e5 Nh7 22.b4 Ne6 23.Nce2 Nhg5 24.h4 Nxd4 25.Nxd4
Ne6 26.Nxe6 fxe6 27.Qg6 1/2-1/2

[Event "13. Golden Prague Open"]
[Site "Praha"]
[Date "2017.07.08"]
[Round "8.8"]
[White "Stojkovic, Andreja"]
[Black "Fiser, Jiri"]
[Result "0-1"]
[WhiteElo "1933"]
[BlackElo "1922"]
[Annotator ""]
[Source ""]
[Remark ""]

1.e4 c5 2.Nf3 Nc6 3.d4 cxd4 4.Nxd4 e5 5.Nb5 d6 6.N1c3 a6 7.Na3
b5 8.Nd5 Nge7 9.Bg5 f6 10.Qh5+ Ng6 11.Be3 Rb8 12.Bd3 Be6 13.O-O
Qd7 14.h3 Bf7 15.Qf3 Be7 16.c3 O-O 17.Rad1 Nh4 18.Qg3 Ng6 19.Qf3
Bd8 20.Bb1 Nce7 21.g4 Bxd5 22.exd5 f5 23.gxf5 Nxf5 24.Qg4 Rb7
25.Be4 Nfh4 26.Nc2 Nf4 27.Qxd7 Rxd7 28.Kh2 Rf6 29.Rg1 Rdf7 30.Rg4
Rh6 31.Nb4 a5 32.Nc6 Bc7 33.Rdg1 Nhg6 34.R1g3 Rh4 35.Bxg6 Nxg6
36.Rxh4 Nxh4 37.Rg4 Nf5 38.Ba7 g6 39.Kg2 Kg7 40.Re4 g5 41.Rg4
Kg6 42.Re4 h5 43.Re1 Nh4+ 44.Kf1 Rf3 45.Re3 Rf7 46.b3 Rf4 47.a3
Nf5 48.Rd3 e4 49.Rd2 Rf3 50.Nd4 Nxd4 51.Rxd4 Kf5 52.c4 Rxb3 53.cxb5
Rxb5 54.Rc4 Bd8 55.Rc8 Bf6 56.Rf8 Rxd5 57.Bb6 Kg6 58.Re8 Rb5
59.Be3 d5 60.Re6 Kf5 61.Rd6 Ke5 62.Rc6 d4 63.Bxd4+ Kxd4 64.Rxf6
h4 65.Rd6+ Rd5 66.Re6 Re5 67.Rc6 e3 68.Ke2 exf2+ 69.Kxf2 Re3
70.Rd6+ Kc5 71.Rc6+ Kxc6 72.Kxe3 Kb5 73.Kf3 Ka4 74.Kg4 Kxa3 75.Kxg5
Kb4 76.Kxh4 a4 77.Kg5 a3 78.h4 a2 79.h5 a1Q 80.h6 Qh8 0-1

[Event "13. Golden Prague Open"]
[Site "Praha"]
[Date "2017.07.08"]
[Round "8.9"]
[White "Pokorny, Jiri"]
[Black "Cabart, Pavel"]
[Result "1/2-1/2"]
[WhiteElo "1932"]
[BlackElo "1725"]
[Annotator ""]
[Source ""]
[Remark ""]

1.e4 c5 2.Nf3 Nc6 3.d4 cxd4 4.Nxd4 g6 5.c4 Bg7 6.Be3 Nf6 7.Nc3
Ng4 8.c5 Nxe3 9.fxe3 O-O 10.Bc4 Qa5 11.O-O Qxc5 12.Qb3 e6 13.Nc2
Na5 14.Qb5 Qxc4 15.Qxa5 Bxc3 16.Qxc3 Qxe4 17.Nd4 a6 18.Rf4 Qe5
19.Raf1 f5 20.Nxf5 Qxc3 21.Ne7+ Kg7 22.bxc3 Rxf4 23.Rxf4 b5 24.Rd4
Kf6 25.Ng8+ Ke5 26.Nh6 d5 27.Ng4+ Kd6 28.e4 Kc5 29.e5 a5 30.a3
Rb8 31.Nf2 Ba6 32.Nd3+ Kc6 33.Nf4 Bc8 34.Kf2 b4 35.cxb4 axb4
36.axb4 Ra8 37.Kg3 Ra3+ 38.Kg4 Re3 39.Kg5 Rxe5+ 40.Kh6 g5 41.Nh3
Re2 42.Rg4 e5 43.Rxg5 Bxh3 44.gxh3 e4 45.b5+ Kc5 46.h4 Rb2 47.h5
Rxb5 48.Kxh7 Kc4 49.h6 e3 50.Kg6 e2 51.Re5 Kd3 52.h7 Rb6+ 53.Kg7
Rb7+ 54.Kg8 Rxh7 55.Kxh7 d4 56.h4 Kd2 57.h5 e1Q 58.Rxe1 Kxe1
59.Kg8 d3 60.h6 d2 61.h7 1/2-1/2

[Event "13. Golden Prague Open"]
[Site "Praha"]
[Date "2017.07.08"]
[Round "8.10"]
[White "Volf, Michal"]
[Black "Sura, Jaroslav"]
[Result "1/2-1/2"]
[WhiteElo "1867"]
[BlackElo "2059"]
[Annotator ""]
[Source ""]
[Remark ""]

1.e4 e5 2.Nf3 Nc6 3.d4 exd4 4.Nxd4 Bc5 5.Nb3 Bb6 6.Nc3 d6 7.Qe2
Nd4 8.Nxd4 Bxd4 9.Bd2 Nf6 10.O-O-O Be6 11.Nb5 Bb6 12.Bg5 a6 13.Nc3
h6 14.Bh4 g5 15.Bg3 Qe7 16.e5 dxe5 17.Bxe5 Rg8 18.Bxf6 Qxf6 19.Nd5
Qf5 20.Nxb6 cxb6 21.Qe3 Qc5 22.Rd3 Rc8 23.Rc3 Qxe3+ 24.Rxe3 Rc5
25.Bd3 Kd8 26.Rd1 Kc8 27.Be4 Kb8 28.Rd6 b5 29.Rb6 Rc7 30.Rd3
Rgc8 31.Rd2 Re7 32.Bf3 1/2-1/2